=LDR 00000nam 2200000 4500 =001 INLIS000000000050983 =005 20170808103552 =035 ##$$a 0010-0817000166 =007 ta =008 170808###########################0###### =082 ##$$a 823 =084 ##$$a 823 ARC a =100 #$$a Archer, Jeffrey =245 1#$$a As The crow Plies /$c Jeffrey Archer =250 ##$$a cet.1 =260 ##$$a Jakarta :$b Bina Rupa Aksara,$c 1999 =300 ##$$a 236 hlm ; $c 18 cm =650 ##$$a Fiksi Inggris - Terjemahan =700 #$$a Evy Siregar =990 ##$$a 91119111 =990 ##$$a 31701567